Welcome to the Holygrace Academy Library

Please use search bar below to get started

TOGETHER WITH MATHS PROJECT MANUAL (Record no. 760)

MARC details
000 -LEADER
fixed length control field 00307nam a22001217a 4500
020 ## - INTERNATIONAL STANDARD BOOK NUMBER
ISBN 81-8137-242-5
082 ## - DEWEY DECIMAL CLASSIFICATION NUMBER
Classification number 001
Item number RAC/T
100 ## - MAIN ENTRY--AUTHOR NAME
Personal name RACHNA SAGAR
245 ## - TITLE STATEMENT
Title TOGETHER WITH MATHS PROJECT MANUAL
Remainder of title CLASS X
260 ## - PUBLICATION, DISTRIBUTION, ETC. (IMPRINT)
Place of publication DELHI
Name of publisher RACHNA SAGAR PVT LTD
Year of publication 2007
650 ## - SUBJECT ADDED ENTRY--TOPICAL TERM
Topical Term MATHS FOR CLASS X
Geographic subdivision INDIA
942 ## - ADDED ENTRY ELEMENTS (KOHA)
Koha item type Books
Holdings
Withdrawn status Lost status Collection code Home library Current library Shelving location Date acquired Source of acquisition Cost, normal purchase price Full call number Accession Number Koha item type
    Reference Main Library Main Library SHELF-8 B CLASS X-MATHS 07/04/2016 purchase 84.00 001 RAC/T 04247 Books